00421nam a2200181Ia 4500008004100000020001800041245002300059245002000082260001500102260001600117260000900133300001500142300002500157300001000182440002600192440001300218500000800231170705s9999 xx 000 0 und d a9780439738521 aWhat's so funny? / cA. J. Whittier. aNew York : bScholastic, c2006 a16 pages : bcolor illustration ; c23cm. aScholastic FX books ; vbook 16. a350